Riadenie mobilného robota pomocou neuro-evolúcie
Saved in:
| Main Author: | |
|---|---|
| Other Authors: | |
| Format: | Manuscript Book |
| Language: | Slovak |
| Published: |
Bratislava :
STU v Bratislave FEI,
2021
|
| Subjects: | |
| Online Access: | https://opac.crzp.sk/?fn=detailBiblioForm&sid=CF9E62B1F4156FE3B62B0884D7C8&seo=CRZP-detail-kniha |
| Tags: |
No Tags, Be the first to tag this record!
|
MARC
| LEADER | 00000ntm a22000003a 4500 | ||
|---|---|---|---|
| 001 | stuzp82598 | ||
| 003 | SK-STU | ||
| 005 | 20211110124214.4 | ||
| 007 | ta | ||
| 008 | 150427s2015----xo-----f-mn---000-0-slo-d | ||
| 040 | |a STU |b slo | ||
| 041 | 0 | |a slo | |
| 044 | |a xo | ||
| 100 | 1 | |a Szabó, Viktor |u 031000 |4 aut |U FEI Fakulta elektrotechniky a informatiky |T FEI Ústav robotiky a kybernetiky |X 92634 |U E011 |Y 356 |7 92634 | |
| 242 | 0 | 1 | |a Mobile Robot Control Design Based on Neuro-Evolution |y eng |
| 245 | 1 | 0 | |a Riadenie mobilného robota pomocou neuro-evolúcie |
| 260 | |a Bratislava : |b STU v Bratislave FEI, |c 2021 | ||
| 300 | |a 40 s., príl. | ||
| 650 | 4 | |a umelá neurónová sieť |2 slo | |
| 650 | 4 | |a genetický algoritmus |2 slo | |
| 650 | 4 | |a neuro-evolúcia |2 slo | |
| 650 | 4 | |a mobilný robot |2 slo | |
| 650 | 4 | |a MATLAB |2 slo | |
| 650 | 4 | |a artificial neural network |2 eng | |
| 650 | 4 | |a genetic algorithm |2 eng | |
| 650 | 4 | |a neuro-evolution |2 eng | |
| 650 | 4 | |a mobile robot |2 eng | |
| 650 | 4 | |a MATLAB |2 eng | |
| 700 | 1 | |a Sekaj, Ivan |u 031000 |k Z1 |4 ths |U FEI Fakulta elektrotechniky a informatiky |T FEI Ústav robotiky a kybernetiky |X 4946 |U E011 |Y 356 |7 A000004946 | |
| 856 | 4 | |u https://opac.crzp.sk/?fn=detailBiblioForm&sid=CF9E62B1F4156FE3B62B0884D7C8&seo=CRZP-detail-kniha | |